Arab-American women's writing and performance (Record no. 221129)
[ view plain ]
| 000 -LEADER | |
|---|---|
| fixed length control field | 01841nam a2200433 a 4500 |
| 100 1# - MAIN ENTRY--AUTHOR NAME | |
| Personal name | Sabry, Somaya Sami. |
| 245 10 - TITLE STATEMENT | |
| Title | Arab-American women's writing and performance |
| 260 ## - PUBLICATION, DISTRIBUTION, ETC. (IMPRINT) | |
| Place of publication | London ; |
| -- | New York : |
| Name of publisher | I.B. Tauris, |
| Year of publication | 2011. |
| 300 ## - PHYSICAL DESCRIPTION | |
| Number of Pages | xv, 208 p. |
| 490 1# - SERIES STATEMENT | |
| Series statement | International library of cultural studies ; |
| 650 #0 - SUBJECT ADDED ENTRY--TOPICAL TERM | |
| Topical Term | American literature |
| Topical Term | American literature |
| Topical Term | Scheherazade (Legendary character) in literature. |
| Topical Term | Race relations in literature. |
| Topical Term | Orientalism in literature. |
| Topical Term | Arab American arts. |
| Topical Term | Scheherazade (Legendary character) |
| Topical Term | Arab Americans |
| 856 40 - ELECTRONIC LOCATION AND ACCESS | |
| Uniform Resource Identifier | http://site.ebrary.com/lib/rucke/Doc?id=10504524 |
No items available.
